Normal view MARC view

Entry Corporate Name

Number of records used in: 4

001 - CONTROL NUMBER

  • control field: 30949

003 - CONTROL NUMBER IDENTIFIER

  • control field: dpl

005 - DATE AND TIME OF LATEST TRANSACTION

  • control field: 20110802165949.0

008 - FIXED-LENGTH DATA ELEMENTS

  • fixed length control field: 110802|||a|||||| | ||| d

040 ## - CATALOGING SOURCE

  • Original cataloging agency: dpl
  • Transcribing agency: dpl

110 ## - HEADING--CORPORATE NAME

  • Corporate name or jurisdiction name as entry element: जोशी, मधुबाला

670 ## - SOURCE DATA FOUND

  • Source citation: Work cat.: (dpl)21945: अल्काज़ी,फ़ैसल 30946, दोस्ती का सफ़र /, 2008

670 ## - SOURCE DATA FOUND

  • Source citation: Work cat.: (dpl)21945: अल्काज़ी,फ़ैसल 30946, दोस्ती का सफ़र /, 2008

© Delhi Public Library
Hit Counter
free hit counter